000 00498nam a2200193Ia 4500
003 OSt
005 20220926045738.0
006 a|||||r|||| 00| 0
007 ta
008 220923b |||||||| |||| 00| 0 eng d
037 _cGeneral Book
040 _aRTL
_cRTL
_beng
041 _2eng
_aeng
082 _aV2,k,D.L, N4/TD
100 _aOM PRAKASH
245 0 _aPrecious metals and commerce.
942 _hV2,k,D.L, N4/TD
_cGB
_2CC
999 _c678579
_d678579